| 000 | 00000nam##2200000za#4500 |
| 001 | 9.576247 |
| 003 | CaOODSP |
| 005 | 20220623125949 |
| 007 | cr ||||||||||| |
| 008 | 150406|2011||||xxc|||||o f|0| 0 eng|d |
| 040 | |aCaOODSP|beng |
| 043 | |an-cn--- |
| 086 | 1 |aH117-5/19-2011E-PDF |
| 110 | 1 |aCanada. |bCanadian Institute for Health Information. |
| 245 | 10|aIn due time : |h[electronic resource]|bwhy maternal age matters |
| 260 | |aOttawa - Ontario : |bCanadian Institute for Health Information |cSeptember 2011. |
| 300 | |a22p.|bfigs., glossary, references, tables |
| 490 | 1 |aAnalysis in brief |
| 590 | |a13-10-Supp|b2013-04-13 |
| 775 | 08|tLe moment propice : |w(CaOODSP)9.605519 |
| 830 | #0|aAnalysis in brief (Statistics Canada)|w(CaOODSP)9.506985 |
| 856 | 40|ahttp://publications.gc.ca|qPDF|s932 KB|uhttps://publications.gc.ca/collections/collection_2013/icis-cihi/H117-5-19-2011-eng.pdf |